| 000 | 00873cab a2200229 4500 | ||
|---|---|---|---|
| 001 | ABS68343 | ||
| 008 | 041020n2004 000 0 eng u | ||
| 035 | _a(Sirsi) u127776 | ||
| 100 | _aJacobs, G. | ||
| 245 | _aExtracting points, lines, surfaces and models from point clouds | ||
| 260 | _c2004 | ||
| 490 |
_aProfessional Surveyor _v24(9) September 2004, 45-50(6) |
||
| 520 | _aDiscusses how to use high-definition surveying or 3D laser scanning. Point clouds are a rich source of geometric information from which traditional points, 2D and 3D lines, surfaces, volumes, features and models can be extracted using modern tools and working practices. | ||
| 590 | _aABS | ||
| 650 | _a3D LASER SCANNERS | ||
| 650 | _a3D MAPPING | ||
| 650 | _a3D MODELLING | ||
| 650 | _aGEOMETRIC INFORMATION | ||
| 650 | _aPOINT CLOUDS | ||
| 690 |
_aGeomatics _96242 |
||
| 942 | _n0 | ||
| 999 |
_c74577 _d74577 |
||